000 00262nam a2200097Ia 4500
001 1250380
005 20251031150855.0
008 251031s9999 xx 000 0 und d
245 0 _cUĞUR KOŞAR
_aE-2 HER ŞEYE CANINI SIKMA EY GÖNÜL
260 _bDESTEK YAYINLARI
999 _c1250380
_d1250380